000 00199 a2200109 4500
041 _aspa
100 _aDario, Ruben
245 _aBetun y sangre
942 _cBK
999 _c29786
_d29784
999 _d29784
999 _d29784